| 000 | 00332nam a2200109Ia 4500 | ||
|---|---|---|---|
| 008 | 171211s9999 xx 000 0 und d | ||
| 245 | _aCattle and Sheep Medicine, 2nd Edition: Self-Assessment Color Review | ||
| 245 | _cPhilip R. Scott | ||
| 260 | _c2016 | ||
| 650 | _xANIMALS | ||
| 856 | _uhttp://down.ebook777.com/043/149874737X.pdf | ||
| 999 |
_c348479 _d348479 |
||